[Event "Junior Online 4NCL Division 3"]
[Site "online"]
[Date "2021.09.16"]
[EventDate "2021.09.16"]
[Round "3.58"]
[White "Amos, Alice"]
[WhiteElo "1431"]
[WhiteTeam "Farnham Fantasticos A"]
[Black "Gupta, Shourya"]
[BlackElo "1400"]
[BlackTeam "Chess Challengers A"]
[Result "0-1"]
[PlyCount "76"]

1. d4 d5 2. c4 c6 3. cxd5 cxd5 4. Nc3 Bf5 5. Nf3 Nf6 6. Bf4 Nc6 7. e3 e6 8. Bb5 a6 9. Ba4 b5 10. Bc2 Bg6 11. Bxg6 hxg6 12. O-O Bd6 13. Ne2 Bxf4 14. Nxf4 Qd6 15. Rc1 e5 16. dxe5 Nxe5 17. Nxe5 Qxe5 18. h3 Nh5 19. Qc2 Qd6 20. Qc6+ Qxc6 21. Rxc6 Nxf4 22. exf4 O-O 23. Rd1 Rfd8 24. Rc5 d4 25. b3 Rd7 26. Rc6 Re8 27. Rxa6 d3 28. Rc6 d2 29. Kf1 Rde7 30. g3 Re1+ 31. Rxe1 dxe1=Q+ 32. Kg2 Qe4+ 33. Kf1 Qxc6 34. g4 Rd8 35. h4 Re8 36. Kg1 Re1+ 37. Kh2 Qh1+ 38. Kg3 Rg1# 0-1

[Event "Junior Online 4NCL Division 3"]
[Site "online"]
[Date "2021.09.16"]
[EventDate "2021.09.16"]
[Round "3.61"]
[White "Grahame, Silas"]
[WhiteElo "927"]
[WhiteTeam "Harrow Juniors E"]
[Black "Ferdhaus, Yahya"]
[BlackElo "1105"]
[BlackTeam "Brentwood School B"]
[Result "0-1"]
[PlyCount "50"]

1. d4 d5 2. c4 e6 3. Nc3 Nf6 4. Nf3 Bb4 5. Bf4 Nc6 6. e3 O-O 7. Bd3 Ne4 8. Bxe4 dxe4 9. Ne5 Nxe5 10. Bxe5 Bxc3+ 11. bxc3 f6 12. Bg3 Bd7 13. O-O Bc6 14. Rb1 f5 15. Be5 a6 16. Qh5 b5 17. cxb5 axb5 18. Qh3 Rxa2 19. Qg3 g6 20. Qh3 Rc2 21. Qh6 Qe7 22. Rbc1 Rxc1 23. Rxc1 Rf7 24. c4 Qa3 25. Rc2 Qa1+ 0-1

[Event "Junior Online 4NCL Division 3"]
[Site "online"]
[Date "2021.09.16"]
[EventDate "2021.09.16"]
[Round "3.62"]
[White "Kriel, Daniel"]
[WhiteElo "1017"]
[WhiteTeam "Brentwood School B"]
[Black "Wang, Xiling"]
[BlackElo "889"]
[BlackTeam "Harrow Juniors E"]
[Result "1-0"]
[PlyCount "29"]

1. e4 e5 2. Nf3 Nc6 3. Bc4 Bc5 4. d3 Nf6 5. Bg5 O-O 6. Nc3 d6 7. Qd2 Bg4 8. O-O-O Qd7 9. Bxf6 gxf6 10. h3 Bxf3 11. gxf3 Kh8 12. Rhg1 Rg8 13. Qh6 Bxf2 14. Qxf6+ Rg7 15. Qxg7# 1-0

[Event "Junior Online 4NCL Division 3"]
[Site "online"]
[Date "2021.09.16"]
[EventDate "2021.09.16"]
[Round "3.63"]
[White "Patel-Davis, Riyan"]
[WhiteElo "842"]
[WhiteTeam "Harrow Juniors E"]
[Black "Siddharth, Taej"]
[BlackElo "900"]
[BlackTeam "Brentwood School B"]
[Result "0-1"]
[PlyCount "64"]

1. e4 c5 2. Nc3 g6 3. Nf3 Bg7 4. Bc4 a6 5. d3 e6 6. Bf4 Ne7 7. e5 Nbc6 8. O-O b5 9. Bb3 d5 10. a3 Bb7 11. h3 Nf5 12. d4 cxd4 13. Nxd4 Ncxd4 14. a4 bxa4 15. Bxa4+ Bc6 16. Bxc6+ Nxc6 17. Ra4 g5 18. Be3 Nxe5 19. Re1 g4 20. hxg4 Nxg4 21. Bc5 Qh4 22. Kf1 Qh1+ 23. Ke2 Qh5 24. f3 Ng3+ 25. Kd2 Bh6+ 26. Kd3 Nf2+ 27. Kd4 Nxd1 28. Rxd1 Qh4+ 29. Kd3 Qh2 30. Ne2 Qxg2 31. Re1 Qxf3+ 32. Kd4 Qe3# 0-1

[Event "Junior Online 4NCL Division 3"]
[Site "online"]
[Date "2021.09.16"]
[EventDate "2021.09.16"]
[Round "3.64"]
[White "Coppell, Gracie"]
[WhiteElo "935"]
[WhiteTeam "Brentwood School B"]
[Black "Horwood, Alexander"]
[BlackElo "627"]
[BlackTeam "Harrow Juniors E"]
[Result "1-0"]
[PlyCount "63"]

1. d4 e5 2. dxe5 Nc6 3. Nf3 Qe7 4. Bf4 Qb4+ 5. Bd2 Qxb2 6. Nc3 Bb4 7. Rb1 Qa3 8. Nb5 Bxd2+ 9. Qxd2 Kd8 10. Nxa3 Nge7 11. Ng5 Nxe5 12. Qf4 f6 13. Nf3 Nxf3+ 14. Qxf3 b6 15. Rd1 Nc6 16. Qd5 Ke8 17. Qe4+ Kd8 18. e3 Re8 19. Qxh7 g5 20. Bb5 Re7 21. Qg8+ Re8 22. Qf7 Re7 23. Qd5 Nb4 24. Qxa8 c6 25. Bxc6 Nxa2 26. Qxa7 f5 27. Nb5 f4 28. Qxa2 fxe3 29. fxe3 Rxe3+ 30. Kf1 Re6 31. Qxe6 Bb7 32. Qxd7# 1-0

[Event "Junior Online 4NCL Division 3"]
[Site "online"]
[Date "2021.09.16"]
[EventDate "2021.09.16"]
[Round "3.65"]
[White "Ferdhaus, Yahya"]
[WhiteElo "1105"]
[WhiteTeam "Brentwood School B"]
[Black "Grahame, Silas"]
[BlackElo "927"]
[BlackTeam "Harrow Juniors E"]
[Result "0-1"]
[PlyCount "100"]

1. e4 e5 2. Nf3 Nc6 3. g3 Nf6 4. d3 Bb4+ 5. Bd2 Bxd2+ 6. Qxd2 O-O 7. Bg2 d6 8. O-O Bg4 9. Qe3 Bxf3 10. Qxf3 Nd4 11. Qd1 a6 12. c3 Ne6 13. Nd2 Qd7 14. Bh3 Rae8 15. d4 c6 16. d5 cxd5 17. exd5 Nxd5 18. c4 Nb6 19. b3 d5 20. cxd5 Nxd5 21. Ne4 Qc6 22. Bg2 Rd8 23. Rc1 Qb5 24. f3 Qb6+ 25. Kh1 Qa5 26. Re1 Nb4 27. Qe2 Nxa2 28. Ra1 Nd4 29. Qb2 Rc8 30. Rf1 Rc2 31. Rxa2 Qxa2 32. Qxa2 Rxa2 33. b4 Rb2 34. f4 exf4 35. Rxf4 Rb1+ 36. Bf1 Ne2 37. Rf2 Nd4 38. Kg2 Rxb4 39. Bd3 a5 40. Rf4 a4 41. Rh4 a3 42. Ng5 g6 43. Nxh7 a2 44. Nxf8 a1=Q 45. Nh7 Qa2+ 46. Kh3 Qe6+ 47. g4 Qe3+ 48. Kg2 Rb2+ 49. Kh1 Qe1+ 50. Bf1 Qxf1# 0-1

[Event "Junior Online 4NCL Division 3"]
[Site "online"]
[Date "2021.09.16"]
[EventDate "2021.09.16"]
[Round "3.66"]
[White "Wang, Xiling"]
[WhiteElo "889"]
[WhiteTeam "Harrow Juniors E"]
[Black "Kriel, Daniel"]
[BlackElo "1017"]
[BlackTeam "Brentwood School B"]
[Result "0-1"]
[PlyCount "62"]

1. e4 e5 2. d4 exd4 3. c3 dxc3 4. Nxc3 Bb4 5. Nf3 Nc6 6. Bc4 Nf6 7. Bg5 d5 8. exd5 Bxc3+ 9. bxc3 Ne7 10. O-O Nfxd5 11. Bxe7 Qxe7 12. Qxd5 Be6 13. Qxb7 O-O 14. Rfe1 Rab8 15. Qxc7 Qxc7 16. Bxe6 fxe6 17. Rxe6 Qxc3 18. Rf1 Qc4 19. Ree1 Qxa2 20. Ne5 Rb5 21. Ra1 Qb2 22. Rae1 Qd2 23. Nc4 Qc3 24. Nd6 Rb2 25. Ne4 Qc2 26. h3 a5 27. Ng3 Rxf2 28. Kh1 Rxf1+ 29. Nxf1 a4 30. Re8+ Kf7 31. Ra8 Qxg2# 0-1

[Event "Junior Online 4NCL Division 3"]
[Site "online"]
[Date "2021.09.16"]
[EventDate "2021.09.16"]
[Round "3.67"]
[White "Siddharth, Taej"]
[WhiteElo "900"]
[WhiteTeam "Brentwood School B"]
[Black "Patel-Davis, Riyan"]
[BlackElo "842"]
[BlackTeam "Harrow Juniors E"]
[Result "1-0"]
[PlyCount "121"]

1. d4 d5 2. c4 c6 3. Nc3 Nf6 4. g3 Bf5 5. f3 h5 6. Bg2 e5 7. e4 dxe4 8. fxe4 Be6 9. d5 cxd5 10. cxd5 Bg4 11. Qa4+ Nfd7 12. h4 f5 13. Bg5 Qb6 14. Qb5 Qe3+ 15. Bxe3 f4 16. Bd2 Na6 17. Qxb7 Rd8 18. Qxa6 Nc5 19. Qb5+ Nd7 20. Nh3 Ke7 21. Ne2 a6 22. Bb4+ Ke8 23. Qc6 Bxb4+ 24. Kf2 Bc5+ 25. Kf1 f3 26. Nc3 fxg2+ 27. Kxg2 Rb8 28. Rab1 a5 29. Ng5 Rf8 30. Qg6+ Kd8 31. Rbf1 Rxb2+ 32. Rf2 Rfxf2+ 33. Kg1 Rg2+ 34. Kf1 Be2+ 35. Nxe2 Rgxe2 36. Ne6+ Kc8 37. Qe8+ Kb7 38. Qxd7+ Kb6 39. Qc6+ Ka7 40. Qxc5+ Kb7 41. Qc6+ Ka7 42. Qc5+ Kb7 43. Nd8+ Ka6 44. Qc8+ Ka7 45. Qc7+ Ka6 46. Qc6+ Ka7 47. Qc5+ Ka6 48. Nc6 Rf2+ 49. Qxf2 Rb1+ 50. Kg2 Rxh1 51. Kxh1 Kb7 52. Qf7+ Kb6 53. Qxg7 Kc5 54. Qb7 Kc4 55. Qa6+ Kc3 56. d6 Kb2 57. d7 Kxa2 58. d8=Q a4 59. Qdb6 a3 60. Qb4 Ka1 61. Qaxa3# 1-0

[Event "Junior Online 4NCL Division 3"]
[Site "online"]
[Date "2021.09.16"]
[EventDate "2021.09.16"]
[Round "3.68"]
[White "Horwood, Alexander"]
[WhiteElo "627"]
[WhiteTeam "Harrow Juniors E"]
[Black "Coppell, Gracie"]
[BlackElo "935"]
[BlackTeam "Brentwood School B"]
[Result "0-1"]
[PlyCount "38"]

1. c4 e5 2. Nf3 Nc6 3. d4 e4 4. Ne5 Nxe5 5. dxe5 Bb4+ 6. Bd2 Bxd2+ 7. Qxd2 Qe7 8. Qa5 b6 9. Qd5 Rb8 10. Qxe4 Qb4+ 11. Nd2 Qxb2 12. Rb1 Qxa2 13. Qg4 g6 14. g3 d5 15. Bg2 Bxg4 16. Bxd5 Qa5 17. Rb5 Qa1+ 18. Rb1 Qxe5 19. Rb5 Qxe2# 0-1

[Event "Junior Online 4NCL Division 3"]
[Site "online"]
[Date "2021.09.16"]
[EventDate "2021.09.16"]
[Round "3.71"]
[White "Vasudeva, Arya"]
[WhiteElo "1046"]
[WhiteTeam "Barnet Knights C"]
[Black "Sanger, Jake M"]
[BlackElo "2343"]
[BlackTeam "Lenzie Basilisks"]
[Result "0-1"]
[PlyCount "46"]

1. e4 c5 2. Nf3 Nc6 3. Nc3 d6 4. d3 Nf6 5. Be2 g6 6. O-O Bg7 7. Bd2 O-O 8. Rb1 Rb8 9. a3 Nd4 10. Be3 Nd7 11. Na2 b5 12. c3 Nxf3+ 13. Bxf3 e5 14. Qd2 Bb7 15. Bg5 Qc7 16. Be3 f5 17. exf5 Bxf3 18. gxf3 Rxf5 19. Qe2 Rbf8 20. Kh1 Rxf3 21. Rg1 Qc6 22. Rbf1 Rxf2+ 23. Rg2 Qxg2# 0-1

[Event "Junior Online 4NCL Division 3"]
[Site "online"]
[Date "2021.09.16"]
[EventDate "2021.09.16"]
[Round "3.72"]
[White "Moroz, Michael"]
[WhiteElo "1388"]
[WhiteTeam "Lenzie Basilisks"]
[Black "Scheffel, Oliver"]
[BlackElo "1126"]
[BlackTeam "Barnet Knights C"]
[Result "0-1"]
[PlyCount "116"]

1. e4 e5 2. Nf3 Nc6 3. d4 d6 4. dxe5 dxe5 5. Qxd8+ Nxd8 6. Nxe5 Nf6 7. Nc3 Bb4 8. Bd3 O-O 9. Bd2 Ne6 10. O-O Bc5 11. Bg5 Be7 12. Bxf6 Bxf6 13. f4 Nxf4 14. Rxf4 Bxe5 15. Rf3 Bg4 16. Rf2 Bd4 17. Rf1 Bxf2+ 18. Rxf2 Be6 19. Nb5 Bxa2 20. b3 c6 21. Nc3 a5 22. Nxa2 a4 23. bxa4 Rxa4 24. Nc3 Ra1+ 25. Rf1 Rxf1+ 26. Bxf1 f5 27. Bc4+ Kh8 28. exf5 Rxf5 29. Be6 Rc5 30. Ne4 Re5 31. Bc8 Rxe4 32. Bxb7 Rc4 33. Ba6 Rxc2 34. h3 g6 35. Kh2 Kg7 36. Kg3 Kh6 37. Kf3 Rc5 38. g4 Kg5 39. Kg3 Rc3+ 40. Kg2 Kf4 41. Bc8 Rc2+ 42. Kf1 Ke3 43. h4 Kf3 44. h5 gxh5 45. Kg1 hxg4 46. Bf5 Rb2 47. Bxh7 g3 48. Bg6 Re2 49. Bh5+ Ke3 50. Kf1 Rf2+ 51. Kg1 g2 52. Be8 c5 53. Bc6 c4 54. Ba4 c3 55. Kh2 c2 56. Bxc2 Rxc2 57. Kg1 Kf3 58. Kh2 g1=Q+ 0-1

[Event "Junior Online 4NCL Division 3"]
[Site "online"]
[Date "2021.09.16"]
[EventDate "2021.09.16"]
[Round "3.73"]
[White "Malus, Sean"]
[WhiteElo "1084"]
[WhiteTeam "Barnet Knights C"]
[Black "Marenduzzo, Ollie"]
[BlackElo "968"]
[BlackTeam "Lenzie Basilisks"]
[Result "0-1"]
[PlyCount "44"]

1. e4 c6 2. Nf3 d5 3. Nc3 dxe4 4. Nxe4 Bf5 5. Bd3 Bxe4 6. Bxe4 Nf6 7. d3 e6 8. b3 Bc5 9. d4 Nxe4 10. dxc5 Qxd1+ 11. Kxd1 Nxf2+ 12. Ke1 Nxh1 13. Kf1 O-O 14. Kg1 Nd7 15. Bb2 Nxc5 16. Kxh1 Ne4 17. h3 Rad8 18. Re1 f5 19. Bd4 b6 20. Be5 c5 21. Ng5 Nxg5 22. Bc7 Rd7 0-1

[Event "Junior Online 4NCL Division 3"]
[Site "online"]
[Date "2021.09.16"]
[EventDate "2021.09.16"]
[Round "3.75"]
[White "Sanger, Jake M"]
[WhiteElo "2343"]
[WhiteTeam "Lenzie Basilisks"]
[Black "Vasudeva, Arya"]
[BlackElo "1046"]
[BlackTeam "Barnet Knights C"]
[Result "1-0"]
[PlyCount "59"]

1. d4 d5 2. c4 dxc4 3. Nf3 Nc6 4. e3 Bg4 5. Bxc4 Bxf3 6. Qxf3 Nf6 7. O-O Nb4 8. Qxb7 Nc2 9. Bb5+ Nd7 10. Bxd7+ Qxd7 11. Qxa8+ Qd8 12. Qc6+ Qd7 13. Qxc2 e6 14. Nc3 Bb4 15. Rd1 Bxc3 16. bxc3 O-O 17. Rb1 Qd5 18. c4 Qg5 19. e4 Qg4 20. h3 Qh5 21. Ba3 f5 22. Bxf8 Kxf8 23. Rb8+ Qe8 24. Rxe8+ Kxe8 25. Qa4+ Ke7 26. exf5 exf5 27. Re1+ Kf6 28. Qd7 c6 29. h4 g5 30. Re6# 1-0

[Event "Junior Online 4NCL Division 3"]
[Site "online"]
[Date "2021.09.16"]
[EventDate "2021.09.16"]
[Round "3.76"]
[White "Scheffel, Oliver"]
[WhiteElo "1126"]
[WhiteTeam "Barnet Knights C"]
[Black "Moroz, Michael"]
[BlackElo "1388"]
[BlackTeam "Lenzie Basilisks"]
[Result "0-1"]
[PlyCount "48"]

1. e4 e5 2. Nf3 Nc6 3. Nc3 Bc5 4. Bd3 Nf6 5. O-O O-O 6. b3 d5 7. exd5 Nxd5 8. Nxd5 Qxd5 9. Bb2 e4 10. Bc4 Qh5 11. d4 exf3 12. dxc5 Bg4 13. Bd5 fxg2 14. Qd2 gxf1=Q+ 15. Rxf1 Bh3 16. Qc3 Qg5+ 17. Kh1 Qxd5+ 18. f3 f6 19. Rg1 Kh8 20. Qe3 Ne5 21. Bxe5 fxe5 22. Qf2 Rxf3 23. Qg3 Rxg3+ 24. Rg2 Qxg2# 0-1

[Event "Junior Online 4NCL Division 3"]
[Site "online"]
[Date "2021.09.16"]
[EventDate "2021.09.16"]
[Round "3.77"]
[White "Marenduzzo, Ollie"]
[WhiteElo "968"]
[WhiteTeam "Lenzie Basilisks"]
[Black "Malus, Sean"]
[BlackElo "1084"]
[BlackTeam "Barnet Knights C"]
[Result "1-0"]
[PlyCount "51"]

1. e4 e5 2. d4 Nc6 3. Nf3 d6 4. dxe5 dxe5 5. Qxd8+ Kxd8 6. Bb5 Bd7 7. Bxc6 Bxc6 8. Nxe5 Ke8 9. Nc3 Nf6 10. Nxc6 bxc6 11. Bf4 Bd6 12. e5 Bxe5 13. Bxe5 Rd8 14. Rd1 Rxd1+ 15. Nxd1 h5 16. Ne3 Ng4 17. Nxg4 hxg4 18. Bxg7 Rg8 19. Be5 Rg5 20. Bxc7 f5 21. Bf4 Rg6 22. Kd2 Re6 23. Re1 Re4 24. Rxe4+ fxe4 25. Ke3 Kf7 26. Kxe4 1-0

[Event "Junior Online 4NCL Division 3"]
[Site "online"]
[Date "2021.09.16"]
[EventDate "2021.09.16"]
[Round "3.81"]
[White "Demetriou, Jay"]
[WhiteElo "1519"]
[WhiteTeam "Wanstead Warriors 1"]
[Black "Bradshaw, Sam"]
[BlackElo "1257"]
[BlackTeam "JHJ Shark Tank 7"]
[Result "1-0"]
[PlyCount "35"]

1. e4 e5 2. Nc3 Bc5 3. f4 Nc6 4. fxe5 Nxe5 5. d4 Bxd4 6. Qxd4 Qf6 7. Nd5 c5 8. Nxf6+ Nxf6 9. Qxc5 Nxe4 10. Qxe5+ Kf8 11. Qxe4 d6 12. Bb5 Be6 13. Qxb7 Rc8 14. Nf3 Bf5 15. Nd4 Be6 16. O-O g6 17. Nxe6+ Kg8 18. Qxc8# 1-0

[Event "Junior Online 4NCL Division 3"]
[Site "online"]
[Date "2021.09.16"]
[EventDate "2021.09.16"]
[Round "3.82"]
[White "Patel, Taran"]
[WhiteElo "1255"]
[WhiteTeam "JHJ Shark Tank 7"]
[Black "Stevens, Tobias"]
[BlackElo "1468"]
[BlackTeam "Wanstead Warriors 1"]
[Result "0-1"]
[PlyCount "83"]

1. d4 d5 2. c4 e6 3. Nc3 c6 4. f3 Nf6 5. e4 Be7 6. e5 Ng8 7. f4 Nh6 8. g4 Na6 9. g5 Nf5 10. Bh3 Nh4 11. Qh5 Nf5 12. Bxf5 exf5 13. h4 g6 14. Qh6 Bf8 15. Qxf8+ Rxf8 16. b3 Be6 17. Ba3 Rh8 18. h5 gxh5 19. cxd5 Bxd5 20. Rxh5 b5 21. Nxd5 Qxd5 22. Bb2 Nb4 23. Rh2 Nd3+ 24. Kf1 Nxf4 25. Rf2 Nd3 26. Rd2 Nxb2 27. Rxb2 Qxd4 28. Rbb1 Rd8 29. Ne2 Qxe5 30. Re1 Kf8 31. Rac1 Qd6 32. a4 bxa4 33. bxa4 f4 34. Nc3 Qd3+ 35. Kg1 Qg3+ 36. Kf1 Qh2 37. Ne2 f3 38. Nf4 Qxf4 39. Rxc6 Qh2 40. Rc2 Qxc2 41. Re8+ Rxe8 42. Kg1 0-1

[Event "Junior Online 4NCL Division 3"]
[Site "online"]
[Date "2021.09.16"]
[EventDate "2021.09.16"]
[Round "3.83"]
[White "Gurusamy, Paramaguru"]
[WhiteElo "1312"]
[WhiteTeam "Wanstead Warriors 1"]
[Black "Kraft, Thomas"]
[BlackElo "1237"]
[BlackTeam "JHJ Shark Tank 7"]
[Result "1-0"]
[PlyCount "43"]

1. d4 e5 2. dxe5 Bc5 3. Nf3 d6 4. exd6 Ne7 5. dxe7 Bxf2+ 6. Kxf2 Qxd1 7. Nc3 Qxc2 8. g3 Qg6 9. Bf4 Nc6 10. Nd5 Qc2 11. Nxc7+ Kxe7 12. Nxa8 Qxb2 13. Bg2 Nd4 14. Nxd4 Qxd4+ 15. Be3 Qf6+ 16. Bf3 Bg4 17. Nc7 Kd6 18. Bf4+ Kc5 19. Rhc1+ Kb4 20. Rab1+ Ka3 21. Nb5+ Kxa2 22. Bd5# 1-0

[Event "Junior Online 4NCL Division 3"]
[Site "online"]
[Date "2021.09.16"]
[EventDate "2021.09.16"]
[Round "3.84"]
[White "Stacey, Edward"]
[WhiteElo "1255"]
[WhiteTeam "JHJ Shark Tank 7"]
[Black "Ta, Duc"]
[BlackElo "1275"]
[BlackTeam "Wanstead Warriors 1"]
[Result "0-1"]
[PlyCount "164"]

1. e4 e6 2. d4 d5 3. Nc3 dxe4 4. Nxe4 Nf6 5. Nxf6+ gxf6 6. Nf3 Nc6 7. Bb5 Qd7 8. Qd3 a6 9. Ba4 b6 10. Bb3 Bb7 11. d5 Nb4 12. Qd4 Be7 13. dxe6 fxe6 14. Qxd7+ Kxd7 15. a3 Nc6 16. Be3 Bd6 17. O-O-O Rhg8 18. Rhg1 Ne5 19. Nxe5+ fxe5 20. f3 b5 21. Bc5 Raf8 22. Bxd6 cxd6 23. Rd3 Bxf3 24. Rf1 Bc6 25. Rxf8 Rxf8 26. Rg3 Rf7 27. c4 a5 28. cxb5 Bxb5 29. a4 Bc6 30. Rg8 d5 31. Rb8 e4 32. Rb6 e3 33. Kd1 Rf2 34. Ke1 Rxg2 35. Ra6 Rxh2 36. Rxa5 Kd6 37. Ra6 Rxb2 38. Bd1 h5 39. a5 h4 40. Ba4 Rb1+ 41. Ke2 Rb2+ 42. Kxe3 Ke7 43. Rxc6 h3 44. Rc1 Ra2 45. Bb3 Ra3 46. Rc3 h2 47. Rc1 Rxb3+ 48. Kf2 Ra3 49. Rh1 Rxa5 50. Rxh2 Ra2+ 51. Kg3 Rxh2 52. Kxh2 Kf6 53. Kg3 Ke5 54. Kf3 Kd4 55. Ke2 Ke4 56. Kd2 Kd4 57. Ke2 e5 58. Kd2 e4 59. Ke2 Kc3 60. Ke3 Kc4 61. Kd2 Kd4 62. Ke2 Kc3 63. Ke3 d4+ 64. Ke2 Kc2 65. Ke1 d3 66. Kf2 d2 67. Ke3 d1=Q 68. Kxe4 Qd2 69. Ke5 Qd3 70. Ke6 Qd4 71. Ke7 Kd3 72. Ke6 Ke4 73. Ke7 Qd5 74. Kf6 Kf4 75. Ke7 Qc6 76. Kf7 Qd6 77. Kg7 Qe6 78. Kh7 Qf6 79. Kg8 Qe7 80. Kh8 Kg5 81. Kg8 Kg6 82. Kh8 Qe8# 0-1

[Event "Junior Online 4NCL Division 3"]
[Site "online"]
[Date "2021.09.16"]
[EventDate "2021.09.16"]
[Round "3.85"]
[White "Bradshaw, Sam"]
[WhiteElo "1257"]
[WhiteTeam "JHJ Shark Tank 7"]
[Black "Demetriou, Jay"]
[BlackElo "1519"]
[BlackTeam "Wanstead Warriors 1"]
[Result "0-1"]
[PlyCount "46"]

1. e4 c6 2. Bc4 d5 3. exd5 cxd5 4. Bb5+ Nc6 5. d4 Bf5 6. Bf4 e6 7. Nf3 a6 8. Ba4 b5 9. Bb3 Bd6 10. Bxd6 Qxd6 11. Nc3 Nf6 12. a4 b4 13. Nb5 axb5 14. axb5 Na5 15. Ba4 O-O 16. b6 Qxb6 17. Bb3 Nxb3 18. cxb3 Rxa1 19. Qxa1 Qb5 20. Qa7 Qd3 21. Nd2 Rc8 22. Kd1 Rc1+ 23. Kxc1 Qc2# 0-1

[Event "Junior Online 4NCL Division 3"]
[Site "online"]
[Date "2021.09.16"]
[EventDate "2021.09.16"]
[Round "3.86"]
[White "Stevens, Tobias"]
[WhiteElo "1468"]
[WhiteTeam "Wanstead Warriors 1"]
[Black "Patel, Taran"]
[BlackElo "1255"]
[BlackTeam "JHJ Shark Tank 7"]
[Result "0-1"]
[PlyCount "58"]

1. e4 d5 2. d3 e5 3. Ne2 Bc5 4. Ng3 dxe4 5. Nxe4 Bb6 6. Nbc3 Nf6 7. Nxf6+ Qxf6 8. Be3 Bxe3 9. fxe3 Qb6 10. Qc1 Nc6 11. Be2 Be6 12. O-O O-O 13. Na4 Qb4 14. Nc3 f5 15. a3 Qh4 16. Qe1 Qh6 17. Qg3 f4 18. exf4 exf4 19. Qf3 Nd4 20. Qxb7 Nxc2 21. Rab1 Ne3 22. Rfc1 Qg5 23. Qe4 Rae8 24. Qf3 Ng4 25. Ne4 Qh4 26. h3 Ne3 27. g3 Qxh3 28. gxf4 Rxf4 29. Qxf4 Qg2# 0-1

[Event "Junior Online 4NCL Division 3"]
[Site "online"]
[Date "2021.09.16"]
[EventDate "2021.09.16"]
[Round "3.87"]
[White "Kraft, Thomas"]
[WhiteElo "1237"]
[WhiteTeam "JHJ Shark Tank 7"]
[Black "Gurusamy, Paramaguru"]
[BlackElo "1312"]
[BlackTeam "Wanstead Warriors 1"]
[Result "0-1"]
[PlyCount "94"]

1. d4 Nf6 2. Nc3 d5 3. Bf4 e6 4. Nf3 Bd6 5. Bxd6 Qxd6 6. Nb5 Qb6 7. e3 a6 8. Nc3 Qxb2 9. Na4 Qb4+ 10. c3 Qe7 11. Bd3 b6 12. O-O Bd7 13. Nb2 Nc6 14. h3 Na5 15. Ne5 Bb5 16. Bxb5+ axb5 17. Qe2 Nc4 18. Nbxc4 bxc4 19. Qb2 Qd6 20. Qb5+ Nd7 21. e4 Rc8 22. exd5 exd5 23. Rfe1 c6 24. Qa6 O-O 25. Nxd7 Qxd7 26. Qxb6 Rfe8 27. Rxe8+ Rxe8 28. a4 h6 29. a5 Ra8 30. a6 Ra7 31. Qb8+ Kh7 32. g4 Kg6 33. Qf4 Qc8 34. Qf5+ Qxf5 35. gxf5+ Kxf5 36. Kf1 Ke4 37. Ke1 Kd3 38. Kd1 Kxc3 39. Kc1 Kxd4 40. Kb2 Kc5 41. Kc3 Kb6 42. Kd4 Rxa6 43. Ra2 Rxa2 44. Ke5 Rxf2 45. Kd6 c3 46. Ke7 c2 47. Kd6 c1=Q 0-1

[Event "Junior Online 4NCL Division 3"]
[Site "online"]
[Date "2021.09.16"]
[EventDate "2021.09.16"]
[Round "3.88"]
[White "Ta, Duc"]
[WhiteElo "1275"]
[WhiteTeam "Wanstead Warriors 1"]
[Black "Stacey, Edward"]
[BlackElo "1255"]
[BlackTeam "JHJ Shark Tank 7"]
[Result "0-1"]
[PlyCount "142"]

1. d4 d5 2. Bf4 c5 3. e3 cxd4 4. exd4 Nc6 5. c3 Bf5 6. c4 Nf6 7. Nc3 e6 8. Qb3 b6 9. Nf3 Be4 10. Ne5 Nxd4 11. Qa4+ Ke7 12. Rc1 Nd7 13. Nc6+ Nxc6 14. Qxc6 Qc8 15. Qxc8 Rxc8 16. b3 Bf5 17. Be2 dxc4 18. bxc4 e5 19. Nd5+ Ke6 20. Bg3 Be4 21. Ne3 Bc5 22. O-O f5 23. Nd1 g5 24. h3 f4 25. Bh2 Bd4 26. Kh1 b5 27. f3 Bf5 28. Nf2 Bxf2 29. Rxf2 Kf6 30. Rff1 Be6 31. c5 Rxc5 32. Rxc5 Nxc5 33. Bxb5 Rb8 34. Be2 Rb2 35. Re1 Rxa2 36. Bb5 Rb2 37. Bf1 a5 38. Ra1 Nb3 39. Ra3 Rb1 40. Kg1 Ra1 41. Rxa1 Nxa1 42. Bd3 Bf5 43. Bc4 a4 44. Ba2 Be6 45. Bb1 a3 46. g4 a2 47. Bxa2 Bxa2 48. Kf2 Bd5 49. Ke2 Nb3 50. Kf2 e4 51. fxe4 Bxe4 52. Kf1 Nd4 53. Bg1 Nf3 54. Bf2 Kg6 55. Ke2 h5 56. Kf1 hxg4 57. hxg4 Ne5 58. Ke2 Nxg4 59. Bc5 Ne5 60. Kd2 g4 61. Ke1 Nd3+ 62. Kf1 Nxc5 63. Kf2 Kg5 64. Kg1 Bh7 65. Kf2 Kh4 66. Kg2 f3+ 67. Kf2 Nd3+ 68. Kf1 Kh3 69. Kg1 g3 70. Kh1 g2+ 71. Kg1 f2# 0-1

[Event "Junior Online 4NCL Division 3"]
[Site "online"]
[Date "2021.09.16"]
[EventDate "2021.09.16"]
[Round "3.91"]
[White "Spitz, Danny"]
[WhiteElo "1370"]
[WhiteTeam "Coldfall Bishops"]
[Black "Bharat Kumar, Balahari"]
[BlackElo "1489"]
[BlackTeam "Desert Penguins Saturn"]
[Result "0-1"]
[PlyCount "202"]

1. e4 c5 2. Nf3 d6 3. d4 cxd4 4. Nxd4 Nf6 5. Nc3 a6 6. Bc4 e6 7. O-O b5 8. Bb3 Bb7 9. Re1 Nbd7 10. Nf3 b4 11. Na4 Nxe4 12. c3 bxc3 13. Nxc3 Nxc3 14. bxc3 Nc5 15. Rb1 Nxb3 16. Rxb3 Bc6 17. Bg5 Be7 18. Bxe7 Qxe7 19. Rb6 Bxf3 20. Qxf3 O-O 21. h3 h6 22. Rb7 Qf6 23. Qg3 Rfd8 24. Re3 Qg5 25. Qf3 Qg6 26. Qf4 Qf6 27. Qg4 Qg5 28. Qf3 Rf8 29. Rxf7 Rxf7 30. Qxa8+ Rf8 31. Qxa6 Qf5 32. Rf3 Qb1+ 33. Kh2 Rxf3 34. gxf3 Qc2 35. Qc8+ Kh7 36. Kg3 Qxa2 37. Qd7 Qd5 38. h4 Qe5+ 39. f4 Qxc3+ 40. Kg4 Qf6 41. Qxd6 h5+ 42. Kf3 Qf5 43. Ke3 Qh3+ 44. f3 Qf5 45. Qe5 Qh3 46. Qxh5+ Kg8 47. Qe8+ Kh7 48. Qh5+ Kg8 49. Ke4 Kf8 50. f5 Ke7 51. Qg5+ Kf7 52. Qg6+ Kf8 53. fxe6 Qxh4+ 54. f4 Qe7 55. Qf5+ Kg8 56. Kf3 Qa3+ 57. Kg4 Qe7 58. Qe5 Kf8 59. f5 Kg8 60. Qd5 Qb4+ 61. Kh5 Qe7 62. Qd7 Qf6 63. Qe8+ Kh7 64. Qg6+ Qxg6+ 65. fxg6+ Kg8 66. Kg5 Kf8 67. Kf5 Ke7 68. Ke5 Ke8 69. Kd6 Kd8 70. Ke5 Ke7 71. Kd5 Ke8 72. Kd6 Kd8 73. Kc6 Ke7 74. Kd5 Ke8 75. Ke5 Ke7 76. Kf5 Kd6 77. Kg5 Kxe6 78. Kh5 Kf6 79. Kh4 Kxg6 80. Kh3 Kf5 81. Kh2 Kf4 82. Kh1 Kf3 83. Kg1 Kg3 84. Kh1 g5 85. Kg1 g4 86. Kf1 Kh2 87. Kf2 g3+ 88. Kf1 g2+ 89. Ke2 g1=Q 90. Kf3 Qe1 91. Kg4 Qe4+ 92. Kh5 Qg2 93. Kh4 Qg3+ 94. Kh5 Kh3 95. Kh6 Kh4 96. Kh7 Qg5 97. Kh8 Kh5 98. Kh7 Kg4 99. Kh8 Kf5 100. Kh7 Kf6 101. Kh8 Qg7# 0-1

[Event "Junior Online 4NCL Division 3"]
[Site "online"]
[Date "2021.09.16"]
[EventDate "2021.09.16"]
[Round "3.92"]
[White "Longia-Zaidi, Ismail"]
[WhiteElo "1317"]
[WhiteTeam "Desert Penguins Saturn"]
[Black "Haga, Xander"]
[BlackElo "1175"]
[BlackTeam "Coldfall Bishops"]
[Result "1-0"]
[PlyCount "83"]

1. d4 d5 2. c4 e6 3. Nc3 Nf6 4. Nf3 Nc6 5. Bf4 Bd6 6. Bg5 h6 7. Bh4 dxc4 8. e3 O-O 9. Bxc4 Be7 10. Bg3 Bd6 11. Bh4 Be7 12. Bg3 a6 13. O-O Nd5 14. e4 Nxc3 15. bxc3 b5 16. Bd3 Bf6 17. e5 Bg5 18. Nxg5 Qxg5 19. h4 Qd8 20. Qg4 f6 21. Qg6 fxe5 22. Qh7+ Kf7 23. Bg6+ Ke7 24. Qxg7+ Kd6 25. Rad1 Qe7 26. Bxe5+ Nxe5 27. dxe5+ Kc5 28. Qxe7+ Kc6 29. Be4+ Kb6 30. Qxf8 Bb7 31. Qf3 Bxe4 32. Qxe4 Rg8 33. Qd4+ c5 34. Qd6+ Ka5 35. Qxc5 Rg4 36. Qc7+ Ka4 37. Rd4+ Rxd4 38. cxd4 b4 39. Qc6+ Ka3 40. Qxa6+ Kb2 41. Qxe6 h5 42. Qb3# 1-0